| 000 | 00946nam a22002537a 4500 | ||
|---|---|---|---|
| 003 | DO-SdBNP | ||
| 005 | 20180213144007.0 | ||
| 008 | 171101b 2008||| |||| 00| 0 spa d | ||
| 020 | _a9789993445037 | ||
| 040 |
_aBPMSU _bspa _cBPMSU |
||
| 100 | 1 | _aGarcía Molina, Bartolo | |
| 245 | 1 | 0 |
_aRedacción : _bmétodos de organización y expresión del pensamiento / _cBartolo García Molina ; revisión y corrección Míriam Gutiérrez, Ramón Morel Félix, Ruth Cuevas ; prólogo Altagracia Pou |
| 250 | _a9a ed. | ||
| 260 |
_aSanto Domingo : _bSurco, _c2008 |
||
| 300 |
_a464 p. : _bil. ; _c23 cm. |
||
| 500 | _aIncluye datos biográficos del autor en las solapas | ||
| 700 | 1 | 2 |
_aGutiérrez, Míriam, _erev. y corr. |
| 700 | 1 | 2 |
_aMorel Félix, Ramón, _erev. y corr. |
| 700 | 1 |
_aCuevas, Ruth, _erev. y corr. |
|
| 700 | 1 |
_aPou, Altagracia, _epról. |
|
| 942 |
_2ddc _cBK |
||
| 945 | _aInventariado, 2018 /LP | ||
| 956 |
_aBTAVAREZ _b10 _c20170111 _d0038 |
||
| 999 |
_c12744 _d12744 |
||